01019nam a2200289Ia 4500008004100000041000800041111004800049245009100097260003300188300001800221500005900239650002200298650003300320650004200353650001700395650001200412650002100424650002600445650001900471650003100490650002500521650001400546650002700560710004100587710003500628856006600663230421s2022 sp 000 0 sspa d aspa2 aDIA INTERNACIONAL DE LOS TRABAJADORESd202303a1º de Mayo 2023b: subir salarios, bajar precios, repartir beneficiosc/ [CCOO y UGT] a[Madrid]:bCCOO, UGTc[2023] a[2] p.c30 cm aManifiesto conjunto CCOO y UGT del 1º de Mayo de 2023 0aMOVIMIENTO OBRERO 0aDERECHOS DE LOS TRABAJADORES 0aDIA INTERNACIONAL DE LOS TRABAJADORES 0aSINDICALISMO 0aSALARIO 0aAUMENTO SALARIAL 0aNEGOCIACION COLECTIVA 0aSALARIO MINIMO 0aPRESTACIONES POR DESEMPLEO 0aREGIMEN DE PENSIONES 0aDESEMPLEO 0aCONTROL DE LOS PRECIOS2 aUGTbComisión Ejecutiva Confederal2 aCCOObConfederación Sindical zPDFuhttps://docpublicos.ccoo.es/cendoc/065941PrimeroMayo.pdf